000 00546nam a2200157 4500
999 _c16941
_d16941
008 220523b ||||| |||| 00| 0 eng d
022 _a0117-3308
082 _aDPer 004.1105 C73 Sept 2010 - April 2011 v. 20 n. 3-9
100 _aTuazon, John Mark V.
_945004
245 _aEmpowering the weakest link/
_cJohn Mark V. Tuazon.
260 _aPhilippines:
_bSchneider Electric,
_c©2010-2011.
300 _av20 n6, page 48:
_bcolor illustrations;
_c27 cm.
500 _aComputer world.
650 _aInformation technology.
_945185
942 _2ddc
_cPER